| 000 | 00792nam a2200253Ia 4500 | ||
|---|---|---|---|
| 001 | dia_4439 | ||
| 003 | CHAP | ||
| 005 | 20221006224954.0 | ||
| 008 | 220117s1982 xx 000 0 und d | ||
| 010 | _a175095 | ||
| 040 | _cCHAP | ||
| 090 | _aFolleto 2357 | ||
| 100 |
_aGutierrez Jimenez, Mario _951740 |
||
| 245 |
_aAnte la Roya del Cafeto / _c Mario Gutierrez Jimenez Y Marco A. Carreon Zuñiga |
||
| 260 |
_aMéxico : _b Inia, Direccion General de Sanidad Vegetal, _c1982 |
||
| 300 | _a45 p. | ||
| 500 | _aS/c (Folleto Técnico, 79) | ||
| 650 |
_aCafé _xEnfermedades y Plagas _9151916 |
||
| 700 |
_aCarreón Zuñiga, Marco A. _9155891 |
||
| 901 | _aFOLLETO 2357 | ||
| 902 | _aM | ||
| 905 | _a0000001982 mx A 0000000000spa00 | ||
| 942 |
_cFOLL _2local |
||
| 999 |
_c175095 _d175095 |
||